Smith's Elements of Soil Mechanics

Building on the success of the earlier editions, the 10th edition maintains content on all soil mechanics subject areas and a detailed explanation of how to use Eurocode 7 for geotechnical design. Updated throughout with additional material and more worked examples to illustrate to the reader the pr...

Full description

Saved in:
Bibliographic Details
Main Author: Smith, G. N. (Geoffrey Nesbitt) (Author)
Format: Book
Language:English
Published: Hoboken, NJb Wiley-Blackwell 2021
Edition:10th edition
Subjects:
Tags: Add Tag
No Tags, Be the first to tag this record!
Call Number :TA 710

MARC

LEADER 00000nam a2200000 c 4500
001 93958
003 MY-KLNDU
005 20241220003945.0
008 240403s20212021xxua b 001 0 eng
020 |a 9781119750390 (pbk) 
020 |z 9781119750406 (pdf) 
020 |z 9781119750413 (epub) 
039 9 |a 202408121004  |b rafizah  |y 202404031340  |z dewi 
040 |a MY-KLNDU  |b eng  |c MY-KLNDU  |e rda 
050 0 0 |a TA 710 
090 |a TA 710  |b .S557 2021 
100 1 |a Smith, G. N.  |q (Geoffrey Nesbitt)  |e author 
245 1 0 |a Smith's Elements of Soil Mechanics  |c Ian Smith 
246 3 0 |a Elements of soil mechanics 
250 |a 10th edition 
264 1 |a Hoboken, NJb Wiley-Blackwell  |c 2021 
264 4 |c ©2021 
300 |a xxi, 676 pages  |b illustrations  |c 24 cm 
336 |a text  |2 rdacontent 
337 |a unmediated  |2 rdamedia 
338 |a volume  |2 rdacarrier 
500 |a Originally published under the title: Elements of soil mechanics for civil and mining engineers 
504 |a Includes bibliographical references and index 
520 |a Building on the success of the earlier editions, the 10th edition maintains content on all soil mechanics subject areas and a detailed explanation of how to use Eurocode 7 for geotechnical design. Updated throughout with additional material and more worked examples to illustrate to the reader the processes for performing design to this European standard. The new edition continues to provide undergraduate and postgraduate students the guidance they need in easy-to-understand format on how to use Parts 1 & 2 of Eurocode 7 and both UK National Annexes while also expands on geotechnical modelling as well as shear strength of soils and field testing 
592 |a 43094  |b 30/5/2024  |c RM228.05  |h Bookline Services 
650 0 |a Soil mechanics 
999 |a vtls000106679  |c 93958  |d 93958